LEADER 01370nam0 22003011i 450 001 UON00520852 005 20231205105543.983 010 $a978-88-541-1039-7 100 $a20231130d2008 |0itac50 ba 101 $aita 102 $aIT 105 $a|||| ||||| 200 1 $aˆL'‰Italia dei poteri occulti$ela mafia, la massoneria, la banda della Magliana e l'oscura morte di Roberto Calvi$eun'inchiesta sensazionale sul più grande mistero criminale del ventesimo secolo$fPhilip Willan 210 $aRoma$cNewton Compton$d2008 215 $a312 p.$d23 cm 316 $aDonazione prof.ssa Amalia Signorelli$5IT-UONSI F. Signorelli4 A201 410 1$1001UON00472869$12001 $aˆI ‰Big Newton$eSaggi - Storia$v180 606 $aBANCO AMBROSIANO$xBancarotta$3UONC102127$2FI 620 $aIT$dRoma$3UONL000004 676 $a364.1523092$cOMICIDIO PREMEDITATO. Persone$v22 700 1$aWILLAN$bPhilip$3UONV293540$0758939 712 $aNewton Compton$3UONV247063$4650 801 $aIT$bSOL$c20240220$gRICA 899 $aSIBA - SISTEMA BIBLIOTECARIO DI ATENEO$2UONSI 912 $aUON00520852 950 $aSIBA - SISTEMA BIBLIOTECARIO DI ATENEO$dSI F. Signore4 A 201 $eSI 48239 5 Donazione prof.ssa Amalia Signorelli 996 $aItalia dei poteri occulti$91533556 997 $aUNIOR